Building decks
| Format: | Book |
|---|---|
| Published: |
Newtown :
The Taunton Press, Inc ,
2015
|
| Subjects: |
MARC
| LEADER | 00000cam a2200000 7i4500 | ||
|---|---|---|---|
| 001 | 0000201848 | ||
| 005 | 20161013.0 | ||
| 020 | |a 9781631863288 | ||
| 090 | 0 | 0 | |a 690.893 |b BUI |
| 245 | 1 | 0 | |a Building decks |
| 260 | |a Newtown : |b The Taunton Press, Inc , |c 2015 | ||
| 300 | |a 251p. ; |c 27cm. | ||
| 650 | 0 | 0 | |a Decks (Architecture, Domestic) |
| 999 | |a 00326826 |b BUKU |c PINJAMAN |e PERPUSTAKAAN KOMUNITI PETALING JAYA | ||